How many cities can you name in Brunei? - Statistics

General Stats
  • This quiz has been taken 88 times
  • The average score is 2 of 7
Answer Stats
Population Answer % Correct
64,409 Bandar Seri Begawan
100%
31,178 Kuala Belait
41%
30,097 Seria
30%
19,151 Tutong
30%
3,970 Bangar
21%
4,337 Kapok
13%
1,121 Mentiri
11%
No matching quizzes found
Score Distribution
Percent of People with Each Score
Percentile by Number Answered
Your Score History
You have not taken this quiz